000 00608nam a2200229 i 4500
001 C2-0087060
003 PPAK
005 20180727091217.0
008 970504s1990 enka|||| ||||| | eng d
020 _a0721411894
040 _aPPAK
_beng
_cPPAK
_erda
082 0 4 _a516
_223
090 0 0 _a516
_bMUR
_dK
100 1 _aMurdock, Hy,
_eauthor
245 1 0 _aBig and little
264 1 _aLeicestershire :
_bLadybird Books ,
_c1990
300 _a26 pages :
_bcolour illustrations ;
_c18 cm
336 _2rdacontent
_atext
337 _2rdamedia
_aunmediated
338 _2rdacarrier
_avolume
942 _ddc
_cB
999 _c17939
_d17939